Manual de rectificadoras
Saved in:
| Hovedforfatter: | |
|---|---|
| Format: | Bog |
| Sprog: | spansk |
| Udgivet: |
Ciudad de México
Limusa
1989
|
| Fag: | |
| Tags: |
Tilføj Tag
Ingen Tags, Vær først til at tagge denne postø!
|
MARC
| LEADER | 00000nam a2200000 a 4500 | ||
|---|---|---|---|
| 001 | UCQ6797 | ||
| 003 | CL-VaPUC | ||
| 008 | 981023e19890000MX |||||||||||||||||spa|d | ||
| 082 | 0 | 4 | |a 621.92 |b KIB |2 21 |
| 100 | |a Kibbe, Richard R |e author |9 420711 | ||
| 245 | 1 | 0 | |a Manual de rectificadoras |
| 300 | |a 304 p | ||
| 942 | |c BK | ||
| 945 | |d 19981023 00:00:00 |a mvenant | ||
| 260 | |a Ciudad de México |b Limusa |c 1989 | ||
| 650 | 0 | |a Máquinas herramientas |9 262583 | |
| 650 | 0 | |a Manuales |9 257144 | |
| 650 | 7 | |a RECTIFICADORAS |2 CL-VaPUC |9 420712 | |
| 650 | 7 | |a MONTAJES DE MUELAS |2 CL-VaPUC |9 420713 | |
| 650 | 7 | |a RECTIFICADO DE SUPERFICIES |2 CL-VaPUC |9 420714 | |
| 650 | 7 | |a RECTIFICADO CILINDRICO |2 CL-VaPUC |9 420715 | |
| 650 | 7 | |a RECTIFICADO DE PRECISION |2 CL-VaPUC |9 420716 | |
| 583 | |a last modification |c 19981023 00:00:00 |k Rodrigo Vera | ||
| 999 | |c 276706 |d 276704 | ||
| 952 | |0 0 |1 0 |4 0 |6 621_920000000000000_KIB_1989 |7 0 |8 A |9 314121 |a BIBMEC |b BIBMEC |d 2019-11-20 |i 3473635 |o 621.92 KIB 1989 |p 3473635 |r 2024-01-19 |w 2019-11-20 |y BK |k MEC | ||